The all India control orders (issued by the central government) (Record no. 373442)

000 -LEADER
fixed length control field 00513cam a22001577a 4500
008 - FIXED-LENGTH DATA ELEMENTS--GENERAL INFORMATION
fixed length control field 180718b1944 xxu||||| |||| 00| 0 eng d
082 ## - DEWEY DECIMAL CLASSIFICATION NUMBER
Classification number A42x54 In2/M426
100 ## - MAIN ENTRY--PERSONAL NAME
Personal name Mathrubutham, R.
245 ## - TITLE STATEMENT
Title The all India control orders (issued by the central government)
Statement of responsibility, etc. by R. Mathrubutham and R. Srinivasan
260 ## - PUBLICATION, DISTRIBUTION, ETC.
Place of publication, distribution, etc. Mylapore
Name of publisher, distributor, etc. Madras Law Journal Office
Date of publication, distribution, etc. 1944
300 ## - PHYSICAL DESCRIPTION
Extent 323p.
500 ## - GENERAL NOTE
General note Rs.6.00
650 ## - SUBJECT ADDED ENTRY--TOPICAL TERM
Topical term or geographic name entry element Government Regulation of Business - India
650 ## - SUBJECT ADDED ENTRY--TOPICAL TERM
Topical term or geographic name entry element Law - India
700 ## - ADDED ENTRY--PERSONAL NAME
Personal name Srinivasan, R.
Holdings
Withdrawn status Lost status Damaged status Not for loan Permanent Location Current Location Date acquired Full call number Barcode Date last seen Price effective from Koha item type
        Indian Institute of Public Administration Indian Institute of Public Administration 1994-06-20 A42x54 In2/M426 20721 2018-07-21 2018-07-21 Book

Powered by Koha